| 000 -LEADER |
| fixed length control field |
00478nam a22000977a 4500 |
| 008 - FIXED-LENGTH DATA ELEMENTS--GENERAL INFORMATION |
| fixed length control field |
171016b xxu||||| |||| 00| 0 eng d |
| 100 ## - MAIN ENTRY--AUTHOR'S NAME |
| Author's Name |
Kramer, George |
| 245 ## - TITLE STATEMENT |
| Title |
United States telegraph stamps and franks |
| 260 ## - PUBLICATION, DISTRIBUTION, ETC. (IMPRINT) |
| Place of publication, distribution, etc. |
New York |
| Name of publisher, distributor, etc. |
Collectors Club |
| Date of publication, distribution, etc. |
1992 |
| 650 ## - TOPICAL TERM (Tag) |
| Topical term or geographic name |
United States | Telegraph Issues | Cinderella Material | Telegraph Franks | Production | Essays and Proofs | Control Numbers | Errors and Varieties | Telegrams | Covers | Revenue Cancellations Catalogs and Price Lists |